000 00185 a2200097 4500
020 _a9780892391561
041 _aeng
100 _aBlanco, Alberto
245 _aAngel's Kite
942 _cBK
999 _c10277
_d10277